000 00521nam a22002057a 4500
005 20190709112006.0
008 190709b xxu||||| |||| 00| 0 eng d
020 _a9781786070609
_cRs.599.00
040 _aLoreto College
041 _aEnglish
082 _aF
_bSAA
100 _aSaadawi, Ahmed
245 _aFrankenstein in baghdad
_cAhmed Saadawi
260 _aLondon
_bOneworld
_c2018
300 _a271 p.
_b24 cm.
650 _aFiction
700 _4tr.
_aWright, Jonathan
850 _aLCLIB
942 _cBK
999 _c42218
_d92697